| 000 | 01324naa a22003737a 4500 | ||
|---|---|---|---|
| 001 | BR6009376 | ||
| 003 | BR-BrBNA | ||
| 005 | 20240918173013.0 | ||
| 007 | ta | ||
| 008 | 230509b bl.||||| |||| 00| 0 por d | ||
| 040 |
_aBR-BrBNA _bpor _cBiblioteca Nacional de Agricultura |
||
| 041 | _a(Pt) | ||
| 072 |
_aF60 _b1400 _b1821 _b1822 _b1810 _b0337 _b2120 _b7100 _bG514 |
||
| 090 | _aF60 BR6009376 | ||
| 100 | 1 | _aAmaral, E. | |
| 111 | 1 |
_a1. Congresso Brasileiro de Apicultura _cFlorianopolis, SC (Brazil) _d8 May 1970 |
|
| 245 | 1 | _aEstudos de polinizacao entomofila em plantas de interesse economico para o Brasil, realizados na Escola Superior de Agricultura Luiz de Queiroz [Fisiologia vegetal] | |
| 260 | 3 |
_aFlorianopolis, SC (Brasil): _c1970. |
|
| 500 | _a1. Congresso Brasileiro de Apicultura Florianopolis, SC (Brasil): 1970. p. 65-68 (BR6009376-AM)F60 | ||
| 650 | _aFisiologia vegetal | ||
| 650 | _aLeguminosa com grao | ||
| 650 | _aPepino | ||
| 650 | _aAbobora | ||
| 650 | _aChuchu | ||
| 650 | _aGirassol | ||
| 650 | _aCafe | ||
| 650 | _aAbelha | ||
| 650 | _aPolinizacao | ||
| 650 | _aPiracicaba | ||
| 650 | _aSao Paulo | ||
| 773 | 0 |
_t1. Congresso Brasileiro de Apicultura _wF60 BR6009376 _gFlorianopolis, SC (Brasil), 1970. p. 65-68 |
|
| 909 |
_a202404 _bLucia _c55 _dLucia Elande |
||
| 942 |
_cAM _2AGRIS |
||
| 999 |
_c302461 _d302461 |
||